Statistics for US States by Highest Median Income

Click here to take the quiz!

General Stats

  • This quiz has been taken 33 times
  • The average score is 9 of 10

Answer Stats

HintAnswer% Correct
6$75,277California
100%
2$81,740New Jersey
96%
4$79,835Massachusetts
96%
5$76,348Connecticut
96%
9$74,073Washington
96%
7$74,991New Hampshire
92%
1$83,242Maryland
88%
3$80,212Hawaii
88%
10$72,577Virginia
88%
8$74,346Alaska
77%

Score Distribution

Percentile by Number Answered

Percent of People with Each Score

Your Score History

You have not taken this quiz